LIBRARY ONLINE CATALOGUE

Effect of Energy Practices on attaining competitive advantage among manufacturing firms in Kenya (Record no. 17435)

MARC details
000 -LEADER
fixed length control field 00646nam a22001697a 4500
008 - FIXED-LENGTH DATA ELEMENTS--GENERAL INFORMATION
fixed length control field 190215b xxu||||| |||| 00| 0 eng d
050 ## - LIBRARY OF CONGRESS CALL NUMBER
Classification number HD9765
Item number .Y38 2017 c.1
100 ## - MAIN ENTRY--PERSONAL NAME
Personal name Yatich Kiptum Henry
245 ## - TITLE STATEMENT
Title Effect of Energy Practices on attaining competitive advantage among manufacturing firms in Kenya
Remainder of title a case study of selected manufacturers in Nairobi county
Statement of responsibility, etc. Henry Yatich Kiptum
260 ## - PUBLICATION, DISTRIBUTION, ETC. (IMPRINT)
Place of publication, distribution, etc. Kabarak, Nakuru, kenya
Name of publisher, distributor, etc. Kabarak University
Date of publication, distribution, etc. 2017
300 ## - PHYSICAL DESCRIPTION
Extent xix, 194 leaves
650 ## - SUBJECT ADDED ENTRY--TOPICAL TERM
Topical term or geographic name as entry element Energy Management
650 ## - SUBJECT ADDED ENTRY--TOPICAL TERM
Topical term or geographic name as entry element Competitive advantage
700 ## - ADDED ENTRY--PERSONAL NAME
Personal name Prof.Ronald Chepkilot
700 ## - ADDED ENTRY--PERSONAL NAME
Personal name Dr. Aquilars M. Kalio
942 ## - ADDED ENTRY ELEMENTS (KOHA)
Source of classification or shelving scheme Library of Congress Classification
Koha item type Thesis, Dissertation and Projecs
Holdings
Withdrawn status Lost status Source of classification or shelving scheme Not for loan Home library Current library Date acquired Total Checkouts Full call number Barcode Date last seen Price effective from Koha item type
    Library of Congress Classification   Kabarak, Main Campus Kabarak, Main Campus 15/02/2019   HD9765 .Y38 2017 c.1 022882 15/02/2019 15/02/2019 Thesis, Dissertation and Projecs